000 00683nam a2200265 a 4500
003 AR-BaBNM
005 20251128204542.0
008 082120s2002 ||||||||||||||000 | spa||
020 _a7-80102-170-3
040 _cAR-BaBNM
245 0 0 _aChina
_b45 años [1949-1994] de éxitos en la construcción económica
250 _a1ª ed.
260 _aBeijing
_bNueva Estrella
_c1994
300 _a32 p.
_bgráfs., tablas, il., láms.
490 0 _aPresencia de China
650 4 _aSOCIEDAD
650 4 _aECONOMIA
650 4 _aHISTORIA ASIATICA
650 4 _aREFORMA
650 4 _aREVOLUCION
650 4 _aCOMERCIO
650 4 _aINVERSION
942 _cBK
998 _cmariana
999 _c7892
_d7892